| 000 | 00722cam a2200241 a 4500 | ||
|---|---|---|---|
| 001 | 4484207 | ||
| 005 | 20180214082840.0 | ||
| 008 | 961021s1996 oru 000 0 eng d | ||
| 010 | _a 96220753 | ||
| 020 | _a0963832719 | ||
| 035 | _a(OCoLC)35767423 | ||
| 040 |
_aIC _cIC _dDLC |
||
| 041 | _aeng | ||
| 042 | _alccopycat | ||
| 080 | _a305.244 CHAN | ||
| 082 | 0 | 0 |
_a305.244 CHAN _221 |
| 100 | 1 | _a50 | |
| 101 | _aSOC | ||
| 245 | 1 | 0 |
_aInventing ourselves again : _cJanis Fisher Chan ; foreword by Margo Hackett. |
| 906 |
_a7 _bcbc _ccopycat _d2 _encip _f19 _gy-gencatlg |
||
| 942 |
_2ddc _cBK |
||
| 999 |
_c42520 _d42520 |
||